Lodz
| Titel: | Lodz : gegen den Strich / Hans-Jürgen Bömelburg |
|---|---|
| Verfasser: | |
| In: |
Deutsch-polnische Erinnerungsorte ; 2. Geteilt, gemeinsam, (2014), Seite 93-109 alle Artikel anzeigen |
| Veröffentlicht: | 2014 |
| Format: | Aufsatz |
| Sprache: | Deutsch |
X
alg: 34668964
001A $00026:28-08-14
001B $03025:10-10-17 $t14:43:23.000
001C $00026:28-08-14 $t16:17:49.000
001D $00026:28-08-14
001U $0utf8
001X $00
002@ $0Aoy
003@ $0346689643
007A $0346689643 $aHEB
010@ $ager
011@ $a2014
021A $aLodz $dgegen den Strich $hHans-Jürgen Bömelburg
028A $BVerfasser $#Bömelburg, Hans-Jörgen $4aut $7112444881 $8Bömelburg, Hans-Jürgen$Z1961- [Tp1] $9146910222
031A $h93-109 $j2014
039B $aEnthalten in $8--Afu--. Deutsch-polnische Erinnerungsorte ; 2. Geteilt, gemeinsam. - Paderborn {[u.a.] : Schöningh, 2014. - 732 S.. - Ill.. - ISBN 978-3-506-77339-5 $x201400000000000907 $9299792242
044K $#Lodz $#Lodz $#Litzmannstadt $#Lodsch $74074299-4 $8Łódź [Tg1] $9085209155
044K $RPolitische Identität $RGeschichtsbild $RGeschichtsdenken $#Conscience historique $#Geschichtsbewusstsein $#Historisches Bewusstsein $#Geschichtsverständnis Geschichtsbewusstsein $#Geschichtskultur $74020526-5 $8Geschichtsbewusstsein [Ts1] $9085049387
044K $RKultur $#Ethnic relations $#Cultural relations $#Relations interethniques $#Relations culturelles $#Relaciones étnicas $#Relaciones culturales $#Interkulturelle Beziehungen $#kulturelle Beziehungen $#Kulturelle Beziehungen $#Kulturbeziehung $74033552-5 $8Kulturbeziehungen [Ts1] $9085089621
045R $aGeschichte 1820-2010
lok: 34668964 78
exp: 34668964 78 1 #EPN
201B/01 $010-10-17 $t10:59:16.000
201C/01 $010-10-17
201U/01 $0utf8
203@/01 $01008292028
208@/01 $a10-10-17 $be
209A/01 $a/ $f000 $x00
209A/01 $ab*p $x01
220C/01 $apgar
244Z/01 $#Generalgouvernement Polen $#Polska $#Rzeczpospolita Polska $#Polska Rzeczpospolita Ludowa $#Poland $#Pologne $#République Polonaise $#Generalne Gubernatorstwo w Polsce $#Polish People's Republic $#Polska Rzeczpospolita Polen $#PRL $#RP $#Polen Generalgouvernement $#Polska Generalgouvernement $#Besetzte Polnische Gebiete $#Besetztes Gebiet in Polen $#Okupowane Polskie Obszary $#Obszary Okupowane w Polsce $#Volksrepublik Polen $#Polska Rosyjska $#Republic Polen $#Respublika Pol'ša $#Pol'skaja Narodnaja Respublika $#République de Pologne $#Polen Links der Weichsel $#Polska po Lewej Stronie Wisły $#Lenkija $#Polija $#Gubernija Carstva Pol'skago $#Republik Polen $74046496-9 $8--Tg1--Polen $x01 $9085129801
247C/01 $82080>Marburg/Lahn, Herder-Institut, Forschungsbibliothek, Bibliographieportal $9336309341
lok: 34668964 204
101B $028-08-14 $t16:13:00.000
101C $028-08-14
101U $0utf8
145S/01 $a10200
exp: 34668964 204 1 #EPN
201B/01 $028-08-14 $t16:13:00.000
201C/01 $028-08-14
201U/01 $0utf8
203@/01 $0739423401
208@/01 $a28-08-14 $bf
209A/01 $a/ $f950 $x00
209B/01 $a00010 $x05
247C/01 $8631950-6 <26/950>Gießen, Universität Gießen, Aufsatzkatalogisierung $9102598215
| LEADER | 00000caa a22000002c 4500 | ||
|---|---|---|---|
| 001 | 346689643 | ||
| 003 | DE-603 | ||
| 005 | 20171010144323.0 | ||
| 007 | tu | ||
| 008 | 140828s2014 xx |||| | u00||u|ger c | ||
| 035 | |a (DE-599)HEB346689643 | ||
| 040 | |a DE-603 |b ger |c DE-603 |d DE-603 | ||
| 041 | |a ger | ||
| 100 | 1 | |a Bömelburg, Hans-Jürgen |d 1961- |e Verfasser |4 aut |0 (DE-603)146910222 |0 (DE-588)112444881 |2 gnd | |
| 245 | 0 | 0 | |a Lodz |b gegen den Strich |c Hans-Jürgen Bömelburg |
| 264 | 0 | |c 2014 | |
| 648 | 7 | |a Geschichte 1820-2010 |2 gnd | |
| 650 | 7 | |a Geschichtsbewusstsein |0 (DE-588)4020526-5 |0 (DE-603)085049387 |2 gnd | |
| 650 | 7 | |a Kulturbeziehungen |0 (DE-588)4033552-5 |0 (DE-603)085089621 |2 gnd | |
| 651 | 7 | |a Łódź |0 (DE-588)4074299-4 |0 (DE-603)085209155 |2 gnd | |
| 773 | 0 | 8 | |i Enthalten in |t Deutsch-polnische Erinnerungsorte ; 2. Geteilt, gemeinsam |d Paderborn [u.a.] : Schöningh, 2014 |h 732 S., Ill. |z 9783506773395 |g (2014), Seite 93-109 |w (DE-603)299792242 |
| 924 | 0 | |9 2080 |a (DE-603)1008292028 |b DE-2080 |c HES |d d |g / | |
| 924 | 0 | |9 26/950 |a (DE-603)739423401 |b DE-26-950 |c HES |d d |g / | |


